90 secs Countries of the World: by Country Transits Distance = 5 - Statistics

General Stats
  • This quiz has been taken 323 times
  • The average score is 139 of 155
Answer Stats
COUNTRY % Correct
Croatia
100%
Albania
99%
Andorra
99%
Austria
99%
Bosnia and Herzegovina
99%
Denmark
99%
Egypt
99%
France
99%
Israel
99%
Kazakhstan
99%
Kosovo
99%
Lebanon
99%
Libya
99%
Lithuania
99%
Macedonia
99%
Montenegro
99%
Oman
99%
Qatar
99%
San Marino
99%
Senegal
99%
Serbia
99%
Slovenia
99%
Sudan
99%
Tunisia
99%
United Arab Emirates
99%
Vatican City
99%
Yemen
99%
Belarus
98%
Belgium
98%
Bhutan
98%
Brazil
98%
Brunei
98%
China
98%
Costa Rica
98%
Hungary
98%
Indonesia
98%
Jordan
98%
Kyrgyzstan
98%
Liechtenstein
98%
Luxembourg
98%
Mali
98%
Monaco
98%
Morocco
98%
Nepal
98%
Netherlands
98%
Niger
98%
Portugal
98%
Romania
98%
Saudi Arabia
98%
Spain
98%
Suriname
98%
Switzerland
98%
Tajikistan
98%
Ukraine
98%
United Kingdom
98%
Argentina
97%
Azerbaijan
97%
Bolivia
97%
Cote d'Ivoire
97%
Estonia
97%
Finland
97%
Georgia
97%
Guinea
97%
Guyana
97%
Iraq
97%
Italy
97%
Latvia
97%
Mongolia
97%
North Korea
97%
Norway
97%
Panama
97%
Paraguay
97%
Sri Lanka
97%
Sweden
97%
Syria
97%
Turkey
97%
Uruguay
97%
Vietnam
97%
Algeria
96%
Benin
96%
Burkina Faso
96%
Burma
96%
Chad
96%
Colombia
96%
East Timor
96%
India
96%
Laos
96%
Mauritania
96%
Moldova
96%
Nigeria
96%
Papua New Guinea
96%
Peru
96%
Russia
96%
Uzbekistan
96%
Venezuela
96%
Bulgaria
95%
Eritrea
95%
Slovakia
95%
South Korea
95%
Gambia
94%
Greece
94%
Guinea-Bissau
94%
Ireland
94%
Kuwait
94%
Nicaragua
94%
Poland
94%
Afghanistan
93%
Armenia
93%
Czech Republic
93%
Pakistan
93%
Turkmenistan
93%
Bangladesh
92%
Chile
92%
Iran
92%
Djibouti
91%
Ecuador
91%
Cambodia
90%
Equatorial Guinea
90%
Germany
90%
Thailand
90%
Ethiopia
89%
South Sudan
89%
Malaysia
88%
Ghana
85%
Honduras
85%
Togo
85%
Central African Republic
83%
Liberia
78%
Sierra Leone
78%
Namibia
77%
Gabon
76%
Somalia
76%
Democratic Republic of the Congo
73%
Botswana
72%
Zimbabwe
72%
Angola
71%
Burundi
70%
Rwanda
70%
Tanzania
70%
Zambia
70%
Republic of the Congo
69%
Kenya
68%
Malawi
68%
Mozambique
68%
Uganda
68%
Cameroon
67%
South Africa
67%
Swaziland
64%
Lesotho
50%
Belize
38%
Mexico
38%
United States
23%
El Salvador
22%
Guatemala
22%
Canada
19%
No matching quizzes found
Score Distribution
Percent of People with Each Score
Percentile by Number Answered
Your Score History
You have not taken this quiz